statistieken voor Italië Trivia Quiz

Klik hier om de quiz te nemen!

Generale statistieken

  • Deze quiz is al 117 keer genomen
  • De gemiddelde score is 25 of 34

Antwoord statistieken

Hint Antwoord % Correct
Stad van de schuine torenPisa
95%
Twee grootste eilandenSicilië
93%
Grenzende landenOostenrijk
92%
Mode hoofdstadMilaan
89%
Stad bekend om zijn kanalenVenetië
89%
Grenzende landenZwitserland
89%
Grenzende landenFrankrijk
89%
Italië in het ItaliaansItalia
88%
Grenzende landenSlovenië
86%
Vulkaan dat
Pompeii verwoestte
Vesuvius
83%
Hoogste vulkaanEtna
83%
Grenzende landenVaticaanstad
82%
Mode hoofdstad (Italiaans)Milano
80%
Grenzende landenSan Marino
79%
Twee grootste eilandenSardinië
77%
Sixtijnse Kapel schilderMichelangelo
76%
De ultieme
Renaissance man
Leonardo da Vinci
75%
2006 Olympische gaststadTurijn
74%
Langste rivierPo
73%
Valuta vóór 2002Lire
73%
Stad waar de pizza vandaan komt (Italiaans)Napoli
71%
Oprichters van RomeRemus
71%
Stad waar de pizza vandaan komtNapels
70%
Hoofdstad van Toscane (Italiaans)Firenze
65%
Eerste Romeinse keizerAugustus
65%
Oprichters van RomeRomulus
65%
Hoofdstad van ToscaneFlorence
61%
Lijfwachten van de Paus{Zwitserse} Garde
58%
Beroemde vioolbouwer
die stierf in 1737
Antonio Stradivari
57%
2006 Olympische gaststadTorino
55%
Vader van de astronomieGalileo Galilei
54%
Stad bekend om zijn kanalen (Italiaans)Venezia
52%
Hoogste bergMonte Bianco
50%
Hoogste Italiaanse voetbalcompetitieSerie A
49%

Score Distributie

Percentiel op hoeveel beantwoord

Procent van mensen met elke score

Uw Scoregeschiedenis

U hebt deze quiz nog niet genomen